[Event "FIDE World Rapid-ch Open 2018"]
[White "Pogosyan, Stefan"]
[Black "Carlsen, Magnus"]
[Site "St. Petersburg"]
[Round "3.1"]
[Annotator "TA"]
[Result "0-1"]
[Date "2018.12.26"]
[WhiteElo "2365"]
[BlackElo "2835"]
[PlyCount "58"]

1. d4 {} Nf6 2. c4 g6 3. Nc3 Bg7 4. e4 d6 5. Nf3 0-0 6. Be2 e5 7. 0-0 Nc6 8. d5 Ne7 9. b4 a5 10. Ba3 b6 11. bxa5 Rxa5 12. Bb4 Ra8 13. a4 Ne8 14. Nd2 {E97: King's Indian: Classical Main Line (6...e5 7
0-0 Nc6): 8 Be3 and 8 d5 Ne7, not 9 Ne1} (14. Qb3 Rb8 15. Nb5 f5 16. Nd2 fxe4 17. Nxe4 Nf5 18. a5 bxa5 19. Bxa5 Nd4 20. Qd3 Bf5 21. f3 Kh8 22. Bc3 Nxb5 23. cxb5 {1/2-1/2 (42) Ding,L (2702)-Radjabov,T (2793) Beijing 2012} )f5 {
LiveBook: 5 Games} 15. Nb3 Nf6 16. f3 {The position is equal.} Bh6 17. Qd3 Nh5 18. g3 fxe4 $146 ({Predecessor:} 18... Bg5 19. a5 bxa5 20. Bxa5 f4 21. g4 Nf6 22. c5 {1/2-1/2 (21) Guerrero,J (2058)-Latorre,M (2103) Cuenca 2006} )19. fxe4 Nf6 20. a5 Bh3 21. Rf2 (21. Rxf6 $5 Rxf6 22. g4 $14 )bxa5 22. Bxa5 Qd7 23. c5 Ng4 24. Rxf8+ Rxf8 25. Nd1 $1 Nc8 26. Bd2 {Hoping for Bxh6.} Bxd2 27. Qxd2 ({White should play} 27. Nxd2 dxc5 28. Bxg4 Bxg4 29. Nf2 )Qf7 $11 {
( -> ...Qf1+!)} 28. Qe1 {[#]} c6 $1 {} 29. Bxg4 $4 {} (29. Nd2 $11 )(29. dxc6 Qxb3 )Qf1+ {Accuracy: White = 38%, Black = 67%.} ({
Stronger than} 29... Bxg4 30. Ne3 $15 )0-1

[Event "FIDE World Rapid-ch Open 2018"]
[White "Nakamura, Hikaru"]
[Black "Bocharov, Dmitry"]
[Site "St. Petersburg"]
[Round "3.2"]
[Annotator "TA"]
[Result "1/2-1/2"]
[Date "2018.12.26"]
[WhiteElo "2746"]
[BlackElo "2533"]
[PlyCount "142"]

1. d4 {} Nf6 2. c4 e6 3. Nf3 b6 4. g3 Bb7 5. Bg2 Be7 6. 0-0 0-0 7. Re1 Na6 8. a3 {
E17: Queen's Indian: 4 g3 Bb7 5 Bg2 Be7} d5 9. cxd5 exd5 10. b4 {LiveBook: 3
Games} c5 11. dxc5 $146 ({Predecessor:} 11. bxc5 bxc5 12. Nc3 Ne4 13. Bb2 Rb8 14. e3 Ba8 15. Qc2 cxd4 16. Nxd4 {1/2-1/2 (30) Vidit,S (2702)-Eljanov,P (2734)
Douglas 2017} )bxc5 12. b5 Nc7 13. a4 Ne6 14. Nh4 g6 15. Bb2 Qd7 (15... a6 $15 )16. Nf3 $11 Rfd8 17. Nbd2 a6 18. Ne5 Qc7 19. Rb1 axb5 20. axb5 c4 21. Qc1 Rac8 ({Black should try} 21... Rdc8 $17 {Strongly threatening ...c3.} 22. b6 Qb8 )22. Bc3 (22. b6 $5 Qd6 23. Rd1 $11 )Qb6 23. e3 Nc5 24. Qc2 Qe6 25. Ndf3 Nfe4 26. Nc6 { [#] Decoy} Bxc6 27. Nd4 $36 {
Double Attack. White has the initiative.} Qf6 28. Nxc6 Nxc3 29. Nxe7+ Qxe7 30. Qxc3 Nd3 (30... Qe6 $11 )31. Red1 $14 Rb8 {} 32. Qd4 Qd7 33. b6 {Threatens to win with Bf1.} Qc6 $1 {[#]} 34. h4 ({White
should play} 34. Rd2 $1 $16 )Rd6 35. h5 gxh5 36. Bf1 Rxb6 37. Bxd3 cxd3 38. Rbc1 Qd7 39. Rxd3 Rbc6 (39... Qf5 $11 )40. Rcd1 ({Better is} 40. Rxc6 $14 Qxc6 41. Qe5 )Qg4 41. Rb1 Qxd4 {The position is equal.} 42. Rxd4 $11 {
 Endgame KRR-KRR} Rc4 43. Rbd1 {Hoping for Rxc4.} Rxd4 44. Rxd4 {
KR-KR} Kg7 45. Kg2 Kf6 46. Kf3 Ke5 47. Rh4 Rf6+ 48. Ke2 Rf5 49. f3 Ke6 50. f4 Kf6 51. Kd3 Ke6 52. Kd4 h6 53. Rh1 Ke7 54. Rh2 Ke6 55. Ra2 Ke7 56. Ra7+ Kf6 57. Ra5 Kg6 58. Ra1 ({Much weaker is} 58. Rxd5 Rxd5+ 59. Kxd5 Kf5 $17 )Kg7 59. Ra6 h4 60. gxh4 Rh5 61. Rb6 Rxh4 62. Kxd5 h5 {
} 63. Ke5 Rg4 64. Kf5 Rg3 65. e4 h4 66. e5 h3 {...h2 is the strong
threat.} 67. Rb2 Kf8 68. Rb8+ Kg7 69. Rb2 Kf8 70. Rb8+ Kg7 {( -> ...h2)} 71. Rb2 Kf8 {Accuracy: White = 67%, Black = 73%.} 1/2-1/2

[Event "FIDE World Rapid-ch Open 2018"]
[White "Amonatov, Farrukh"]
[Black "Artemiev, Vladislav"]
[Site "St. Petersburg"]
[Round "3.3"]
[Annotator "ChessBase"]
[Result "0-1"]
[Date "2018.12.26"]
[WhiteElo "2614"]
[BlackElo "2709"]
[PlyCount "64"]
[TimeControl "900+10"]

1. e4 {[%emt 0:0:0]} c5 {[%emt 0:0:0]} 2. Nf3 {[%emt 0:0:0]} d6 {[%emt 0:0:0]} 3. d4 {[%emt 0:0:0]} cxd4 {[%emt 0:0:0]} 4. Nxd4 {[%emt 0:0:1]} Nf6 {[%emt 0:0:1]} 5. Nc3 {[%emt 0:0:3]} a6 {[%emt 0:0:2]} 6. Bc4 {[%emt 0:0:9]
} e6 {[%emt 0:0:3]} 7. Bb3 {[%emt 0:0:3]} Nbd7 {[%emt 0:0:0]} 8. 0-0 {[%emt 0:0:12]} Nc5 {[%emt 0:0:2]} 9. Bg5 {[%emt 0:0:6]} Be7 {[%emt 0:0:18]
} 10. Re1 {[%emt 0:0:2]} 0-0 {[%emt 0:1:2]} 11. f4 {[%emt 0:0:0]} h6 {[%emt 0:0:18]} 12. Bh4 {[%emt 0:0:3]} Bd7 {[%emt 0:2:57]} 13. e5 {[%emt 0:0:8]} dxe5 {[%emt 0:0:9]} 14. fxe5 {[%emt 0:0:2]} Nd5 {[%emt 0:0:1]
} 15. Bxe7 {[%emt 0:0:11]} Nxe7 {[%emt 0:0:2]} 16. Ne4 {[%emt 0:0:9]
} Qc7 {[%emt 0:1:48]} 17. Qh5 {[%emt 0:1:32]} Nxb3 {[%emt 0:0:0]} 18. axb3 {[%emt 0:0:13]} Ng6 {[%emt 0:0:1]} 19. Nd6 {[%emt 0:0:30]} Rad8 {[%emt 0:0:45]} 20. Rad1 {[%emt 0:2:9]} Bc8 {[%emt 0:0:52]} 21. c3 {[%emt 0:2:35]
} Nxe5 {[%emt 0:0:42]} 22. Nxc8 {[%emt 0:0:10]} Nc6 {[%emt 0:0:0]} 23. Nxc6 {[%emt 0:6:58]} bxc6 {[%emt 0:0:3]} 24. Qc5 {[%emt 0:0:57]
} Qxc8 {[%emt 0:0:8]} 25. c4 {[%emt 0:0:3]} Qb7 {[%emt 0:0:43]} 26. b4 {[%emt 0:0:21]
} Rb8 {[%emt 0:0:2]} 27. Rd6 {[%emt 0:0:27]} Qxb4 {[%emt 0:0:0]} 28. Qxb4 {[%emt 0:0:1]} Rxb4 {[%emt 0:0:1]} 29. Rxc6 {[%emt 0:0:1]} Rxb2 {[%emt 0:0:9]} 30. Rxa6 {[%emt 0:0:5]} Rc2 {[%emt 0:0:2]} 31. Rc6 {[%emt 0:0:1]
} Rd8 {[%emt 0:0:10]} 32. Rf1 {[%emt 0:0:30]} Rdd2 {[%emt 0:0:0]} 0-1

[Event "FIDE World Rapid-ch Open 2018"]
[White "Mamedyarov, Shakhriyar"]
[Black "Petrosian, Tigran L."]
[Site "St. Petersburg"]
[Round "3.4"]
[Annotator "TA"]
[Result "1/2-1/2"]
[Date "2018.12.26"]
[WhiteElo "2817"]
[BlackElo "2598"]
[PlyCount "31"]

1. d4 {} d6 2. Nf3 Bg4 3. e3 Nf6 4. Be2 Nbd7 5. c4 e5 6. Nc3 c6 7. 0-0 Be7 8. h3 Bh5 9. b3 {A53: Old Indian
Defence without Nf3} 0-0 10. Bb2 e4 {LiveBook: 3 Games} 11. Nh2 $146 { White is slightly better.} ({Predecessor:} 11. Nd2 Bxe2 12. Qxe2 d5 13. Rfc1 a6 14. a4 Rc8 15. Rc2 Re8 {0-1 (51) Bui,V (2408)
-Grigoryan,K (2581) Vientiane 2018} )Bxe2 {The position is equal.} 12. Qxe2 d5 13. Rac1 a6 14. Ng4 Re8 15. Rc2 Bd6 16. Nxf6+ 1/2-1/2

[Event "FIDE World Rapid-ch Open 2018"]
[White "Duda, Jan-Krzysztof"]
[Black "Wang, Hao"]
[Site "St. Petersburg"]
[Round "3.5"]
[Annotator "TA"]
[Result "1/2-1/2"]
[Date "2018.12.26"]
[WhiteElo "2738"]
[BlackElo "2730"]
[PlyCount "21"]

1. Nf3 {} d5 2. c4 e6 3. e3 Nf6 4. b3 b6 5. Bb2 Bb7 6. cxd5 {A13: English Opening: 1...e6} (6. Nc3 Nbd7 7. d4 Bd6 8. Bd3 0-0 9. 0-0 a6 10. Rc1 Qe7 11. cxd5 exd5 12. Ne2 Ne4 13. Qc2 Rac8 14. Ng3 g6 15. Qe2 h5 16. Ne5 Nxe5 17. dxe5 Bxe5 18. Bxe5 Qxe5 19. Nxe4 dxe4 20. Bxa6 Bxa6 21. Qxa6 {1/2-1/2 (57) Harikrishna,P (2732)-Navara,D (2727) Prague 2018} )exd5 {LiveBook: 20 Games. The position is equal.} 7. g3 Nbd7 8. Bg2 Ba6 9. Bf1 $146 ({Predecessor:} 9. Ne5 Nxe5 10. Bxe5 Bd6 11. Bxd6 Qxd6 12. d3 0-0 13. 0-0 c5 {
1/2-1/2 (13) Gledura,B (2626)-Papp,G (2597) Ajka 2018} )Bb7 10. Bg2 Ba6 11. Bf1 1/2-1/2

[Event "FIDE World Rapid-ch Open 2018"]
[White "Sargissian, Gabriel"]
[Black "Nepomniachtchi, Ian"]
[Site "St. Petersburg"]
[Round "3.6"]
[Annotator "TA"]
[Result "0-1"]
[Date "2018.12.26"]
[WhiteElo "2689"]
[BlackElo "2763"]
[PlyCount "138"]

1. Nf3 {} d5 2. d4 Bf5 3. g3 Nf6 4. Bg2 e6 5. 0-0 Nbd7 6. c4 c6 7. Qb3 Qb6 8. Nc3 h6 9. Re1 {D11: Slav Defence: 3 Nf3
sidelines and 3...Nf6 4 e3 Bg4} (9. c5 Qc7 10. Bf4 Qc8 11. Nd2 g5 12. Bd6 Bxd6 13. cxd6 0-0 14. f3 c5 15. e4 Bg6 16. Rac1 Qc6 17. e5 {1-0 (34) Stupak,K (2588)
-Rodshtein,M (2699) Katowice 2017} )Be7 {
LiveBook: 8 Games} 10. Bf4 0-0 11. c5 {The position is equal.} Qxb3 12. axb3 g5 13. Bc1 Ne4 14. b4 Bf6 $146 ({Predecessor:} 14... a6 15. h4 Bf6 16. hxg5 hxg5 {
0-1 (49) Zemerov,E (2069)-Sychev,S (2295) Khanty-Mansiysk 2009} )15. e3 (15. h4 {with more complications.} g4 16. Nh2 h5 17. Nf1 Bg7 18. Be3 )a6 16. Nd2 Nxd2 $1 17. Bxd2 Bg6 18. Ne2 {} Rae8 19. Bc3 Bg7 20. Nc1 Nf6 21. Nb3 Bd3 22. Bf1 Bxf1 23. Kxf1 g4 24. b5 axb5 ({Don't
play} 24... cxb5 25. c6 $1 $14 {} )25. Ra7 Rb8 26. Na5 Ne4 27. Rd1 (27. Ra1 $1 $11 )Rfc8 28. Rxb7 Rxb7 29. Nxb7 b4 (29... Ra8 $15 )30. Be1 $11 Ra8 31. Nd6 b3 32. Nxe4 (32. Nb7 {looks sharper.} Ra2 33. Na5 Rxb2 34. Nxc6 Kf8 35. Nb4 )dxe4 { Endgame KRB-KRB} 33. Ke2 Ra2 34. Bc3 f5 35. Kd2 Kf7 36. Rb1 Ra4 37. Ke2 Bf6 38. Rh1 Kg6 39. Rc1 Ra2 40. Rb1 Bd8 ({
Black should try} 40... h5 $17 )41. Bb4 Ra4 $1 {} 42. Be1 h5 {
} 43. Bc3 (43. Rc1 $1 $11 )Bc7 (43... h4 $17 )44. Rh1 Bd8 (44... Kg5 $17 )45. Rc1 (45. Rb1 $1 $11 )Ra2 $17 46. Rb1 h4 47. Kd2 (47. Be1 $1 $11 )Ra4 $1 48. Ke2 h3 49. Rc1 Ra2 50. Rd1 Kf7 51. Kd2 Ke8 52. Kc1 Ra1+ 53. Kd2 {[#]} Ra4 $1 54. Kc1 Kd7 55. Kb1 Kc8 56. Kc1 Kb7 57. Kd2 Ka6 58. Rb1 Kb5 59. Rd1 Ra2 60. Rb1 Kc4 61. Rc1 Kd5 62. Rb1 Be7 (62... Bf6 $17 )63. Bb4 $1 $11 Kc4 64. Ba3 Bd8 {White should prevent ...Ba5+.} 65. Rc1+ $1 Kb5 $1 66. Kc3 Ka4 {White must now prevent ...Ba5+.} 67. Kc4 $2 {
 [#]} (67. Bb4 $11 )Ba5 $1 $19 {Black is clearly winning.} 68. Rb1 Bd2 69. Rd1 Rxa3 {Accuracy: White = 55%, Black = 59%.} 0-1

[Event "FIDE World Rapid-ch Open 2018"]
[White "Harikrishna, Pentala"]
[Black "Shirov, Alexei"]
[Site "St. Petersburg"]
[Round "3.7"]
[Annotator "ChessBase"]
[Result "1/2-1/2"]
[Date "2018.12.26"]
[WhiteElo "2725"]
[BlackElo "2643"]
[PlyCount "183"]
[TimeControl "900+10"]

1. e4 {[%emt 0:0:0]} e5 {[%emt 0:0:0]} 2. Nf3 {[%emt 0:0:0]} Nc6 {[%emt 0:0:0]
} 3. Bc4 {[%emt 0:0:0]} Bc5 {[%emt 0:0:0]} 4. c3 {[%emt 0:0:0]} Nf6 {[%emt 0:0:2]} 5. d3 {[%emt 0:0:0]} 0-0 {[%emt 0:0:2]} 6. 0-0 {[%emt 0:0:1]
} d5 {[%emt 0:0:2]} 7. exd5 {[%emt 0:0:3]} Nxd5 {[%emt 0:0:0]} 8. a4 {[%emt 0:0:34]} a5 {[%emt 0:0:1]} 9. Re1 {[%emt 0:0:15]} Nb6 {[%emt 0:5:40]
} 10. Bb5 {[%emt 0:0:17]} f6 {[%emt 0:0:12]} 11. Nbd2 {[%emt 0:0:0]} Na7 {[%emt 0:1:22]} 12. d4 {[%emt 0:3:28]} exd4 {[%emt 0:0:2]} 13. Ne4 {[%emt 0:0:4]} Nxb5 {[%emt 0:2:14]} 14. Nxc5 {[%emt 0:2:1]} Qd5 {[%emt 0:0:2]
} 15. axb5 {[%emt 0:1:6]} Qxc5 {[%emt 0:0:2]} 16. Nxd4 {[%emt 0:0:24]
} Bd7 {[%emt 0:0:6]} 17. Be3 {[%emt 0:1:2]} Qd5 {[%emt 0:0:0]} 18. Bf4 {[%emt 0:0:55]} c5 {[%emt 0:3:46]} 19. bxc6 {[%emt 0:0:41]} Bxc6 {[%emt 0:0:2]} 20. Qg4 {[%emt 0:1:13]} Bd7 {[%emt 0:0:38]} 21. Qg3 {[%emt 0:0:2]
} a4 {[%emt 0:0:19]} 22. h4 {[%emt 0:0:37]} Rfe8 {[%emt 0:0:0]} 23. Rad1 {[%emt 0:0:37]} Rxe1+ {[%emt 0:0:15]} 24. Rxe1 {[%emt 0:0:1]} Re8 {[%emt 0:0:1]} 25. Rxe8+ {[%emt 0:0:22]} Bxe8 {[%emt 0:0:2]} 26. Qe3 {[%emt 0:0:18]
} Bf7 {[%emt 0:1:6]} 27. Qe7 {[%emt 0:1:12]} Nc4 {[%emt 0:0:0]} 28. Qb4 {[%emt 0:0:11]} h6 {[%emt 0:0:36]} 29. Qxa4 {[%emt 0:0:52]} Nxb2 {[%emt 0:0:2]} 30. Qc2 {[%emt 0:0:13]} Nc4 {[%emt 0:0:10]} 31. Qe2 {[%emt 0:1:2]
} Ne5 {[%emt 0:0:37]} 32. Bxe5 {[%emt 0:0:13]} Qxe5 {[%emt 0:0:0]} 33. Qxe5 {[%emt 0:0:10]} fxe5 {[%emt 0:0:2]} 34. Nf3 {[%emt 0:0:20]
} e4 {[%emt 0:0:10]} 35. Ne5 {[%emt 0:0:15]} Bd5 {[%emt 0:0:30]} 36. Kf1 {[%emt 0:0:11]
} Kf8 {[%emt 0:0:3]} 37. c4 {[%emt 0:0:29]} Be6 {[%emt 0:0:0]} 38. Ke2 {[%emt 0:0:1]} Ke7 {[%emt 0:0:1]} 39. Ke3 {[%emt 0:0:3]} Kd6 {[%emt 0:0:5]} 40. Kxe4 {[%emt 0:0:23]} Kc5 {[%emt 0:0:14]} 41. Kd3 {[%emt 0:0:2]
} b5 {[%emt 0:0:5]} 42. cxb5 {[%emt 0:0:2]} Kxb5 {[%emt 0:0:0]} 43. Kd4 {[%emt 0:0:46]} Kb6 {[%emt 0:0:4]} 44. Nd3 {[%emt 0:0:23]} Kc6 {[%emt 0:0:9]} 45. Ke5 {[%emt 0:0:3]} Bf7 {[%emt 0:0:4]} 46. f4 {[%emt 0:0:0]} Kd7 {[%emt 0:0:5]} 47. f5 {[%emt 0:0:12]} Ke7 {[%emt 0:0:3]} 48. Nf4 {[%emt 0:0:5]} Bb3 {[%emt 0:0:12]} 49. g3 {[%emt 0:0:16]} Kf7 {[%emt 0:0:0]} 50. Ng2 {[%emt 0:0:6]} Bd1 {[%emt 0:0:17]} 51. Ne3 {[%emt 0:0:4]} Be2 {[%emt 0:0:3]} 52. Nd5 {[%emt 0:0:19]} Bf3 {[%emt 0:0:3]} 53. Nf4 {[%emt 0:0:2]
} Bd1 {[%emt 0:0:5]} 54. Ne6 {[%emt 0:0:7]} Be2 {[%emt 0:0:0]} 55. Nd8+ {[%emt 0:0:11]} Ke7 {[%emt 0:0:1]} 56. Nc6+ {[%emt 0:0:2]} Kf7 {[%emt 0:0:2]} 57. Kf4 {[%emt 0:0:3]} Bd1 {[%emt 0:0:6]} 58. g4 {[%emt 0:0:4]
} Kf6 {[%emt 0:0:12]} 59. Ne5 {[%emt 0:0:41]} Be2 {[%emt 0:0:0]} 60. Ng6 {[%emt 0:0:19]} Bd1 {[%emt 0:0:3]} 61. g5+ {[%emt 0:0:4]} hxg5+ {[%emt 0:0:1]} 62. hxg5+ {[%emt 0:0:2]} Kf7 {[%emt 0:0:1]} 63. Ke5 {[%emt 0:0:8]} Bc2 {[%emt 0:0:19]} 64. Nf4 {[%emt 0:0:3]} Bb1 {[%emt 0:0:0]} 65. Nd5 {[%emt 0:0:11]} Bc2 {[%emt 0:0:17]} 66. Nc7 {[%emt 0:0:11]} Bb1 {[%emt 0:0:9]} 67. Ne6 {[%emt 0:0:8]} Kg8 {[%emt 0:0:19]} 68. Nd8 {[%emt 0:0:18]
} Kf8 {[%emt 0:0:4]} 69. Nb7 {[%emt 0:0:3]} Kf7 {[%emt 0:0:0]} 70. Nd6+ {[%emt 0:0:28]} Ke7 {[%emt 0:0:16]} 71. Nb5 {[%emt 0:0:9]} Kf7 {[%emt 0:0:4]} 72. Nc3 {[%emt 0:0:5]} Bc2 {[%emt 0:0:2]} 73. Nd5 {[%emt 0:0:2]
} Bb1 {[%emt 0:0:3]} 74. g6+ {[%emt 0:0:19]} Kf8 {[%emt 0:0:0]} 75. Nf4 {[%emt 0:0:5]} Bc2 {[%emt 0:0:12]} 76. Ne6+ {[%emt 0:0:4]} Kg8 {[%emt 0:0:3]} 77. Nd4 {[%emt 0:0:2]} Bb1 {[%emt 0:0:2]} 78. Kd6 {[%emt 0:0:7]
} Kf8 {[%emt 0:0:19]} 79. Ke6 {[%emt 0:0:4]} Ba2+ {[%emt 0:0:0]} 80. Kd7 {[%emt 0:0:15]} Bb1 {[%emt 0:0:2]} 81. Kd6 {[%emt 0:0:12]} Bd3 {[%emt 0:0:44]} 82. Ne6+ {[%emt 0:0:33]} Kg8 {[%emt 0:0:1]} 83. Ke5 {[%emt 0:0:3]
} Bb1 {[%emt 0:0:6]} 84. Nd4 {[%emt 0:0:19]} Kf8 {[%emt 0:0:0]} 85. Nb5 {[%emt 0:0:2]} Ke7 {[%emt 0:0:33]} 86. Nc3 {[%emt 0:0:2]} Bc2 {[%emt 0:0:3]} 87. Nd5+ {[%emt 0:0:8]} Kf8 {[%emt 0:0:2]} 88. Ne3 {[%emt 0:0:9]
} Bb1 {[%emt 0:0:3]} 89. Kd6 {[%emt 0:0:3]} Ba2 {[%emt 0:0:0]} 90. Nc2 {[%emt 0:0:15]} Bb1 {[%emt 0:0:4]} 91. Nd4 {[%emt 0:0:1]} Bd3 {[%emt 0:0:12]} 92. Kd5 {[%emt 0:0:23]} 1/2-1/2

[Event "FIDE World Rapid-ch Open 2018"]
[White "Kamsky, Gata"]
[Black "Timofeev, Artyom"]
[Site "St. Petersburg"]
[Round "3.8"]
[Annotator "ChessBase"]
[Result "1/2-1/2"]
[Date "2018.12.26"]
[WhiteElo "2666"]
[BlackElo "2589"]
[PlyCount "29"]
[TimeControl "900+10"]

1. d4 {[%emt 0:0:0]} Nf6 {[%emt 0:0:0]} 2. Nf3 {[%emt 0:0:0]} g6 {[%emt 0:0:0]
} 3. c3 {[%emt 0:0:5]} Bg7 {[%emt 0:0:7]} 4. Bf4 {[%emt 0:0:0]} b6 {[%emt 0:0:28]} 5. e3 {[%emt 0:0:11]} Bb7 {[%emt 0:0:5]} 6. a4 {[%emt 0:0:3]
} a6 {[%emt 0:1:14]} 7. Nbd2 {[%emt 0:0:13]} d6 {[%emt 0:0:20]
} 8. h3 {[%emt 0:0:2]} c5 {[%emt 0:0:18]} 9. Be2 {[%emt 0:0:30]} 0-0 {[%emt 0:0:6]
} 10. 0-0 {[%emt 0:0:5]} Nc6 {[%emt 0:0:16]} 11. Bh2 {[%emt 0:0:0]} cxd4 {[%emt 0:3:3]} 12. exd4 {[%emt 0:0:3]} d5 {[%emt 0:0:4]} 13. Bd3 {[%emt 0:1:29]} Nd7 {[%emt 0:0:15]} 14. Re1 {[%emt 0:0:8]} Re8 {[%emt 0:0:5]
} 15. Nb3 {[%emt 0:8:40]} 1/2-1/2

[Event "FIDE World Rapid-ch Open 2018"]
[White "Alekseev, Evgeny"]
[Black "Svidler, Peter"]
[Site "St. Petersburg"]
[Round "3.9"]
[Annotator "TA"]
[Result "1/2-1/2"]
[Date "2018.12.26"]
[WhiteElo "2639"]
[BlackElo "2737"]
[PlyCount "39"]

1. e4 {} c5 2. Nf3 e6 3. c3 Nf6 4. e5 Nd5 5. d4 cxd4 6. cxd4 b6 7. Nc3 Nxc3 8. bxc3 Qc7 9. Bd2 d6 10. Bd3 Nd7 11. Ng5 Bb7 12. Qh5 g6 13. Qh3 dxe5 14. 0-0 Be7 15. Rae1 Bxg5 {B22: Sicilian: 2 c3} (15... Bd5 16. f4 exd4 17. cxd4 Qc6 18. f5 gxf5 19. Bxf5 Rg8 20. Bxe6 fxe6 21. Qxh7 e5 22. Rf7 0-0-0 23. Rxe7 Kb8 {1/2-1/2 (40) Kulicov,O (2463)-Fernandez,D 
(2464) Livny 2017} )16. Bxg5 f5 17. dxe5 {LiveBook: 4 Games} (17. Qh6 $1 $14 Kf7 18. Bb5 )Kf7 ({Black should play} 17... 0-0 $11 )18. Re3 {Bxf5! is
the strong threat.} h6 19. Bh4 $146 ({Predecessor:} 19. Bxf5 exf5 20. e6+ Kg7 21. exd7 hxg5 22. Re7+ Kf6 23. Qe3 Qxh2# {0-1 (23) Roop,S (2022)-Kulkarni,R 
(2181) Mumbai 2008} )g5 {[#]} (19... Rh7 $14 )20. Bxf5 $1 {} 1/2-1/2

[Event "FIDE World Rapid-ch Open 2018"]
[White "Andreikin, Dmitry"]
[Black "Yudin, Sergei"]
[Site "St. Petersburg"]
[Round "3.10"]
[Annotator "ChessBase"]
[Result "1-0"]
[Date "2018.12.26"]
[WhiteElo "2719"]
[BlackElo "2507"]
[PlyCount "133"]
[TimeControl "900+10"]

1. Nf3 {[%emt 0:0:0]} e6 {[%emt 0:0:0]} 2. c4 {[%emt 0:0:0]} d5 {[%emt 0:0:0]} 3. e3 {[%emt 0:0:0]} c6 {[%emt 0:0:4]} 4. b3 {[%emt 0:0:8]} f5 {[%emt 0:0:11]
} 5. Be2 {[%emt 0:0:38]} Nf6 {[%emt 0:0:5]} 6. 0-0 {[%emt 0:0:0]} Nbd7 {[%emt 0:0:22]} 7. cxd5 {[%emt 0:0:29]} exd5 {[%emt 0:0:12]} 8. Qc2 {[%emt 0:0:2]} g6 {[%emt 0:1:5]} 9. Bb2 {[%emt 0:0:14]} Bd6 {[%emt 0:0:0]} 10. d3 {[%emt 0:0:52]} 0-0 {[%emt 0:0:15]} 11. Nbd2 {[%emt 0:0:3]} Re8 {[%emt 0:2:27]} 12. Rae1 {[%emt 0:0:49]} Bf8 {[%emt 0:2:43]} 13. e4 {[%emt 0:0:16]
} Bg7 {[%emt 0:0:37]} 14. Nd4 {[%emt 0:2:4]} fxe4 {[%emt 0:0:0]} 15. dxe4 {[%emt 0:0:3]} Nf8 {[%emt 0:1:30]} 16. exd5 {[%emt 0:0:55]} cxd5 {[%emt 0:1:5]} 17. Bb5 {[%emt 0:1:42]} Rxe1 {[%emt 0:0:35]} 18. Rxe1 {[%emt 0:0:2]
} Bd7 {[%emt 0:0:42]} 19. Qc5 {[%emt 0:0:36]} Bxb5 {[%emt 0:0:0]} 20. Nxb5 {[%emt 0:0:50]} b6 {[%emt 0:1:32]} 21. Qe7 {[%emt 0:1:1]} Qxe7 {[%emt 0:0:33]} 22. Rxe7 {[%emt 0:0:2]} N8d7 {[%emt 0:0:6]} 23. Nc7 {[%emt 0:1:59]
} Rc8 {[%emt 0:0:10]} 24. Nxd5 {[%emt 0:0:2]} Rc2 {[%emt 0:0:0]} 25. Nc4 {[%emt 0:0:2]} Bf8 {[%emt 0:0:32]} 26. Rxd7 {[%emt 0:0:48]} Nxd7 {[%emt 0:0:6]} 27. Nde3 {[%emt 0:0:2]} Rxb2 {[%emt 0:0:12]} 28. Nxb2 {[%emt 0:0:2]} Kf7 {[%emt 0:0:1]} 29. Kf1 {[%emt 0:0:10]} Ke6 {[%emt 0:0:0]} 30. Ke2 {[%emt 0:0:3]} Nc5 {[%emt 0:0:7]} 31. f3 {[%emt 0:0:25]} Bd6 {[%emt 0:0:2]} 32. g3 {[%emt 0:0:2]} h5 {[%emt 0:0:3]} 33. Nd3 {[%emt 0:0:0]} Nd7 {[%emt 0:0:17]} 34. f4 {[%emt 0:0:6]} Nf6 {[%emt 0:0:20]} 35. Kf3 {[%emt 0:0:7]} b5 {[%emt 0:0:2]} 36. h3 {[%emt 0:0:18]} Nd5 {[%emt 0:0:0]} 37. Nd1 {[%emt 0:3:35]} a5 {[%emt 0:0:2]} 38. g4 {[%emt 0:0:15]} hxg4+ {[%emt 0:0:3]} 39. hxg4 {[%emt 0:0:1]} a4 {[%emt 0:0:11]} 40. Ke4 {[%emt 0:0:33]
} Nf6+ {[%emt 0:0:6]} 41. Kf3 {[%emt 0:0:1]} Nd5 {[%emt 0:0:0]} 42. bxa4 {[%emt 0:0:35]} bxa4 {[%emt 0:0:2]} 43. N3b2 {[%emt 0:0:27]} a3 {[%emt 0:0:53]} 44. Nc4 {[%emt 0:0:3]} Be7 {[%emt 0:0:3]} 45. g5 {[%emt 0:0:35]
} Bf8 {[%emt 0:0:36]} 46. Ke4 {[%emt 0:0:18]} Nb4 {[%emt 0:0:0]} 47. Nc3 {[%emt 0:0:30]} Bg7 {[%emt 0:0:7]} 48. Nb5 {[%emt 0:0:35]} Nxa2 {[%emt 0:0:3]} 49. Ncxa3 {[%emt 0:0:9]} Nb4 {[%emt 0:0:6]} 50. Nc4 {[%emt 0:0:5]
} Nc6 {[%emt 0:0:7]} 51. Nc7+ {[%emt 0:0:4]} Kd7 {[%emt 0:0:0]} 52. Nd5 {[%emt 0:0:2]} Ke6 {[%emt 0:0:2]} 53. Nc7+ {[%emt 0:0:10]} Kd7 {[%emt 0:0:1]} 54. Na6 {[%emt 0:0:1]} Ke6 {[%emt 0:0:46]} 55. Nc5+ {[%emt 0:0:3]
} Ke7 {[%emt 0:0:1]} 56. Nd3 {[%emt 0:0:8]} Ke6 {[%emt 0:0:0]} 57. Nce5 {[%emt 0:0:24]} Ne7 {[%emt 0:0:15]} 58. Nc5+ {[%emt 0:0:15]} Kd6 {[%emt 0:0:2]} 59. Nb7+ {[%emt 0:0:8]} Kc7 {[%emt 0:0:3]} 60. Na5 {[%emt 0:0:16]
} Kd6 {[%emt 0:0:3]} 61. Nb3 {[%emt 0:0:7]} Bxe5 {[%emt 0:0:0]} 62. fxe5+ {[%emt 0:0:2]} Kc6 {[%emt 0:0:7]} 63. Nd4+ {[%emt 0:0:9]} Kd7 {[%emt 0:0:3]} 64. Ne2 {[%emt 0:0:7]} Kc6 {[%emt 0:0:23]} 65. Nf4 {[%emt 0:0:2]
} Kd7 {[%emt 0:0:13]} 66. Kd4 {[%emt 0:0:8]} Kc6 {[%emt 0:0:0]} 67. Kc4 {[%emt 0:0:7] Kd5+} 1-0

[Event "FIDE World Rapid-ch Open 2018"]
[White "Alekseenko, Kirill"]
[Black "Dubov, Daniil"]
[Site "St. Petersburg"]
[Round "3.11"]
[Annotator "ChessBase"]
[Result "1/2-1/2"]
[Date "2018.12.26"]
[WhiteElo "2638"]
[BlackElo "2703"]
[PlyCount "51"]
[TimeControl "900+10"]

1. e4 {[%emt 0:0:0]} c5 {[%emt 0:0:0]} 2. Nf3 {[%emt 0:0:0]} Nc6 {[%emt 0:0:0]
} 3. d4 {[%emt 0:0:0]} cxd4 {[%emt 0:0:0]} 4. Nxd4 {[%emt 0:0:0]} Nf6 {[%emt 0:0:0]} 5. Nc3 {[%emt 0:0:1]} e5 {[%emt 0:0:0]} 6. Ndb5 {[%emt 0:0:4]} d6 {[%emt 0:0:0]} 7. Bg5 {[%emt 0:0:9]} a6 {[%emt 0:0:0]} 8. Na3 {[%emt 0:0:4]} b5 {[%emt 0:0:0]} 9. Nd5 {[%emt 0:0:3]} Be7 {[%emt 0:0:0]} 10. Bxf6 {[%emt 0:0:10]} Bxf6 {[%emt 0:0:2]} 11. c4 {[%emt 0:0:5]
} b4 {[%emt 0:0:1]} 12. Nc2 {[%emt 0:0:3]} 0-0 {[%emt 0:0:0]} 13. g3 {[%emt 0:0:6]} Rb8 {[%emt 0:0:8]} 14. Bg2 {[%emt 0:2:0]} b3 {[%emt 0:1:11]
} 15. axb3 {[%emt 0:0:29]} Rxb3 {[%emt 0:0:4]} 16. Ra2 {[%emt 0:0:17]
} Be6 {[%emt 0:1:43]} 17. Nce3 {[%emt 0:1:31]} Nd4 {[%emt 0:0:0]} 18. 0-0 {[%emt 0:0:39]} Bg5 {[%emt 0:2:0]} 19. h4 {[%emt 0:1:23]} Bxe3 {[%emt 0:0:32]} 20. Nxe3 {[%emt 0:0:21]} Qb6 {[%emt 0:0:55]} 21. Qa1 {[%emt 0:0:58]
} a5 {[%emt 0:6:1]} 22. Rxa5 {[%emt 0:0:11]} Rxb2 {[%emt 0:0:0]} 23. Ra6 {[%emt 0:0:5]} Qb4 {[%emt 0:0:24]} 24. Qe1 {[%emt 0:2:18]} Qxe1 {[%emt 0:2:35]} 25. Rxe1 {[%emt 0:0:2]} Nc2 {[%emt 0:0:1]} 26. Nxc2 {[%emt 0:0:7]
} 1/2-1/2